| 000 | 01737cam a2200373 i 4500 | ||
|---|---|---|---|
| 001 | 15432913 | ||
| 003 | EG-ScBUE | ||
| 005 | 20260125091301.0 | ||
| 008 | 080828t2009 flua frb 001 0 eng d | ||
| 020 | _a9781420061192 | ||
| 020 | _a1420061194 | ||
| 040 |
_aDNLM/DLC _beng _erda _cDLC _dNLM _dOCLNG _dC#P _dYDXCP _dBWX _dCDX _dAGL _dDLC _dEG-ScBUE |
||
| 082 | 0 | 4 |
_a572.8 _222 _bNOR |
| 100 | 1 |
_aNorthrop, Robert B., _eauthor. _939475 |
|
| 245 | 1 | 0 |
_aIntroduction to molecular biology, genomics, and proteomics for biomedical engineers / _cRobert B. Northrop and Anne N. Connor. |
| 264 | 1 |
_aBoca Raton : _bCRC Press / Taylor & Francis Group, _c[2009] |
|
| 264 | 4 | _cc2009 | |
| 300 |
_axx, 453 pages : _billustrations (some color) ; _c26 cm. |
||
| 336 |
_2rdacontent _atext _btxt |
||
| 337 |
_aunmediated _2rdamedia _bn |
||
| 338 |
_avolume _bnc _2rdacarrier |
||
| 490 | 0 | _aBiomedical engineering series | |
| 504 | _aIncludes bibliographical references and index. | ||
| 505 | 0 | _aLife and death -- Review of basic cell anatomy and physiology -- Introduction to physical biochemistry and biochemical systems modeling -- The basis of genetic inheritance -- Nucleic acids and their functions -- A review of proteins -- The genetic basis for certain inheritable diseases : genomic medicine -- Some instrumental methods used in genomics, proteomics, and forensic science -- Applications of genomics -- Ethical issues in ge=netic engineering. | |
| 650 | 7 |
_aMolecular biology. _2BUEsh _938995 |
|
| 650 | 7 |
_aGenomics. _2BUEsh |
|
| 650 | 0 |
_aProteomics. _2BUEsh |
|
| 650 | 0 |
_aBiomedical engineers. _2BUEsh |
|
| 651 | _2BUEsh | ||
| 653 |
_bPPhrm _cMarch2016 |
||
| 655 | _vReading book | ||
| 700 | 1 |
_aConnor, Anne N., _eauthor. |
|
| 942 |
_2ddc _cBB |
||
| 999 |
_c21307 _d21279 |
||